Ocean counting : (Record no. 663)

MARC details
000 -LEADER
fixed length control field 01008nam a22003017a 4500
005 - DATE AND TIME OF LATEST TRANSACTION
control field 20250828111939.0
020 ## - INTERNATIONAL STANDARD BOOK NUMBER
International Standard Book Number 0881061514 (hc)
020 ## - INTERNATIONAL STANDARD BOOK NUMBER
International Standard Book Number 0881061506 (sc)
040 ## - CATALOGING SOURCE
Original cataloging agency DLC
Transcribing agency DLC
Modifying agency DLC
Language of cataloging eng
050 00 - LIBRARY OF CONGRESS CALL NUMBER
Classification number QA113
Item number .P35 2005
082 00 - DEWEY DECIMAL CLASSIFICATION NUMBER
Classification number 513.2/11
Edition number 21
100 1# - MAIN ENTRY--PERSONAL NAME
Personal name Pallotta, Jerry.
245 10 - TITLE STATEMENT
Title Ocean counting :
Remainder of title odd numbers /
Statement of responsibility, etc. Jerry Pallotta ; illustrated by Shennen Bersani.
260 ## - PUBLICATION, DISTRIBUTION, ETC.
Place of publication, distribution, etc. Watertown, MA :
Name of publisher, distributor, etc. Charlesbridge,
Date of publication, distribution, etc. 2005.
300 ## - PHYSICAL DESCRIPTION
Extent 32 unnumbered pages :
Other physical details color illustrations ;
Dimensions 23 x 29 cm.
505 ## - FORMATTED CONTENTS NOTE
Formatted contents note M <br/>
520 ## - SUMMARY, ETC.
Summary, etc. Presents information about a variety of sea creatures, from one striped bass to 50 blue sharks.
521 ## - TARGET AUDIENCE NOTE
Target audience note 630 <br/>
Source Lexile <br/>
521 ## - TARGET AUDIENCE NOTE
Target audience note M <br/>
Source Raz-Plus <br/>
650 #0 - SUBJECT ADDED ENTRY--TOPICAL TERM
Topical term or geographic name entry element Counting
Form subdivision Juvenile literature.
650 #0 - SUBJECT ADDED ENTRY--TOPICAL TERM
Topical term or geographic name entry element Marine animals
Form subdivision Juvenile literature.
650 #1 - SUBJECT ADDED ENTRY--TOPICAL TERM
Topical term or geographic name entry element Marine animals.
650 #1 - SUBJECT ADDED ENTRY--TOPICAL TERM
Topical term or geographic name entry element Counting.
700 1# - ADDED ENTRY--PERSONAL NAME
Personal name Bersani, Shennen,
Relator term illustrator.
906 ## - LOCAL DATA ELEMENT F, LDF (RLIN)
a 7
b cbc
c orignew
d 1
e ocip
f 19
g y-gencatlg
942 ## - ADDED ENTRY ELEMENTS (KOHA)
Source of classification or shelving scheme Dewey Decimal Classification
Koha item type Books
Suppress in OPAC No
999 ## -
-- 663
-- 663
Holdings
Withdrawn status Lost status Source of classification or shelving scheme Damaged status Not for loan Collection Home library Current library Shelving location Date acquired Total Checkouts Full call number Barcode Date last seen Date last checked out Price effective from Koha item type Copy number
    Dewey Decimal Classification     Non-Fiction Footprints International School Library Network Toul Kork Campus Footprints International School Library Network Toul Kork Campus TK Primary Library Room(4th Floor), Bookcase 3&4, Shelves 17-32, Yellow Books 06/28/2023 1 PAL QA113.P35 FISTK02435 11/02/2023 09/28/2023 06/28/2023 Books  
    Dewey Decimal Classification     Non-Fiction Footprints International School Library Network Toul Tom Poung Campus Footprints International School Library Network Toul Tom Poung Campus TTP Primary Yellow Bookshelves 08/28/2025 1 PAL QA113.P35 FIS03346 02/12/2026 01/29/2026 08/28/2025 Books 2